Guess the Year From the Movies #3 - Statistics

General Stats
  • This quiz has been taken 200 times
  • The average score is 9 of 10
Answer Stats
Hint Answer % Correct
Avatar / Up / 2012 / The Hurt Locker 2009
98%
Beauty and the Beast / The Silence of the Lambs / The Addams Family / Robin Hood: Prince of Thieves 1991
96%
Star Wars: Episode I – The Phantom Menace / The Mummy / Notting Hill / American Beauty 1999
95%
Avatar: The Way of Water / The Banshees of Inisherin / Elvis / Doctor Strange in the Multiverse of Madness 2022
95%
Grease / Superman / Heaven Can Wait / Midnight Express 1978
94%
Beverly Hills Cop / Ghostbusters / The Karate Kid / Footloose 1984
93%
Skyfall / The Avengers / Argo / Les Misérables 2012
91%
Dead Poets Society / The Little Mermaid / Honey, I Shrunk the Kids / Driving Miss Daisy 1989
88%
Butch Cassidy and the Sundance Kid / Midnight Cowboy / Anne of the Thousand Days / The Love Bug 1969
71%
The Bells of St. Mary's / Leave Her to Heaven / The Lost Weekend / Week-End at the Waldorf 1945
45%
No matching quizzes found
Score Distribution
Percent of People with Each Score
Percentile by Number Answered
Your Score History
You have not taken this quiz